| 000 | 01597nam a2200229 4500 | ||
|---|---|---|---|
| 001 | 108706 | ||
| 003 | ES-MaACL | ||
| 005 | 20230906184707.0 | ||
| 007 | t| | ||
| 008 | 061121s1980 gw r ||||1| ger d | ||
| 020 | _a3-423-05977-X | ||
| 020 | _a3-II-008117-2 | ||
| 100 | 1 |
_aNietzsche, Friedrich, _d1844-1900 _985718 |
|
| 245 | 1 | 0 |
_aSèamtliche Werke / _cFriedrich Nietzsche ; herausgegeben von Giorgi Colli und Mazzino Montinari. |
| 260 |
_aMünchen : _bDeutscher Taschenbuch, _c1980. |
||
| 300 |
_a15 v. ; _c18 cm. |
||
| 505 | 8 | _aContiene: vol 1: Die Geburt der Tragödie. Unzeitgemèasse Betrachtungen I-IV. Nachgelassene Schriften 1870-1873 -- vol. 2: Menschliches, Allzumenschliches -- vol. 3: Morgenröte. Idyllen aus Messina. Die fröhliche Wissenschaft -- vol. 4: Also sprach Zarathustra I-IV -- vol 5: Jenseits von Gut und Böse. Zur Genealogie der moral -- vol. 6: Der Fall Wagner. Götzen-Dèammerung. Der Antichrist. Ecce homo. Dionysos-Dithyramben. Nietzsche contra Wagner -- vol. 7: Nachgelassene Fragmente 1869-1874 -- vol. 8: Nachgelassene Fragmente 1875-1879 -- vol. 9: Nachgelassene Fragmente 1880-1882 -- vol. 10: Nachgelassene Fragmnte 1882-1884 -- vol. 11: Nachgelassene Fragmente 1884-1885 -- vol. 12: Nachgelassene Fragmente 1885-1887 -- vol. 13: Nachgelassene Fragmente 1887-1889 -- vol. 14: Kommentar zu den Bèanden 1-13 -- vol. 15: Chronik zu Nietzsches Leben. Konkordanz. Verzeichnis der Gedichte.Gesamtregister | |
| 700 | 1 |
_aMontinari, Mazzino. _982661 |
|
| 700 | 1 |
_aColli, Giorgi. _939700 |
|
| 852 |
_aES-MaACL _jL-9734-48 _bR.112060 |
||
| 999 |
_c108706 _d108706 |
||